000 00479nam a2200181Ia 4500
008 151202s9999||||xx |||||||||||||| ||und||
082 _bPNVM-5687
100 _aआपटे ना.ह.
245 _aउमज पडेल तर.
260 _b---
260 _c0
300 _a0
600 _aआपटे ना.ह.
630 _aउमज पडेल तर.
700 _aआपटे ना.ह.
730 _aउमज पडेल तर.
942 _cBOOK
999 _c1271681
_d1271678